00773cam a22002531 4500001000800000005001700008008004100025010001700066015001400083035001800097040003000115041000800145042001200153080001600165082001600181100000700197101000800204245009100212504002700303906004500330942001200375999001700387952011500404795012820180307035216.0740321s1959 njua b 000 0 eng  a 59006531  aGB59-8599 a(OCoLC)837366 aDLCcOClUdOCoLCdUkdDLC aeng apremarc a744.422 LUZ a744.422 LUZ1 a27 aMEK10aFundamentals of engineering drawing for technical students and professional draftsmen. aIncludes bibliography. a7bcbccoclcrplduencipf19gy-gencatlg 2ddccBK c44263d44263 00102udc40708PËKGa002b002cPËKGd2018-03-07l0o744.422 LUZp002-3000978r2018-03-07w2018-03-07yBK